The German Army / (Record no. 565177)

000 -LEADER
fixed length control field 00325nam a2200121Ia 4500
008 - FIXED-LENGTH DATA ELEMENTS--GENERAL INFORMATION
fixed length control field 210430s9999 xx 000 0 und d
082 ## - DEWEY DECIMAL CLASSIFICATION NUMBER
Classification number 355.00943 R7881G
100 ## - MAIN ENTRY--PERSONAL NAME
Personal name Herbert Rosinski
9 (RLIN) 54557
245 #4 - TITLE STATEMENT
Title The German Army /
Statement of responsibility, etc. Herbert Rosinski
260 ## - PUBLICATION, DISTRIBUTION, ETC.
Place of publication, distribution, etc. London
Name of publisher, distributor, etc. Pall Mall Press
Date of publication, distribution, etc. 1966
300 ## - PHYSICAL DESCRIPTION
Extent 322
942 ## - ADDED ENTRY ELEMENTS (KOHA)
Koha item type Book
Source of classification or shelving scheme
Holdings
Withdrawn status Lost status Damaged status Not for loan Collection code Permanent Location Current Location Shelving location Date acquired Total Checkouts Full call number Barcode Date last seen Price effective from Koha item type
          School of Chemical & Materials Engineering (SCME) School of Chemical & Materials Engineering (SCME) General Stacks 07/15/4   355.00943 R7881G SCME-4465 04/30/2021 04/30/2021 Book
© 2023 Central Library, National University of Sciences and Technology. All Rights Reserved.